000 00654nam a2200229Ia 4500
003 OSt
005 20220923213117.0
006 a|||||r|||| 00| 0
007 ta
008 220922b |||||||| |||| 00| 0 hin d
024 _a158,981
037 _cTextual
040 _aARTS
_cARTS
_bhin
041 _2hin
_ahin
082 _aY:351, 152L2
100 _aकुलदीप
245 0 _aलोकगीतांे का विकासात्मक अध्ययन
246 _aLokagītāane kā vikāsātmak adhyayana
260 _c1972
942 _hY:351, 152L2
_cTEXL
_2CC
999 _c313728
_d313728